[Event "Thüringer Einzelmeisterschaft"]
[Site "Finsterbergen"]
[Date "2005.03.25"]
[Round "5"]
[White "Aepfler, Christian"]
[Black "Paehtz, Thomas Jr"]
[Result "0-1"]
[WhiteElo "2262"]
[BlackElo "2259"]
[PlyCount "84"]
[EventDate "2005.??.??"]
[EventRounds "9"]
[EventCountry "GER"]

1. e4 g6 2. d4 Bg7 3. Nc3 d6 4. Nf3 a6 5. a4 Nf6 6. Be2 O-O 7. O-O Nc6 8. Re1
e5 9. dxe5 dxe5 10. Be3 Qe7 11. Nd5 Nxd5 12. Qxd5 Rd8 13. Bg5 Bf6 14. Bxf6 Qxf6
15. Qc5 b6 16. Qe3 Bg4 17. c3 Bxf3 18. Bxf3 Na5 19. Be2 Qc6 20. b4 Nb7 21. h4
a5 22. Bb5 Qe6 23. Qe2 axb4 24. cxb4 Rd4 25. Rac1 c5 26. Ba6 Nd6 27. bxc5 bxc5
28. Bd3 c4 29. Bc2 Nb7 30. Rf1 Nc5 31. f4 Nd3 32. Bxd3 cxd3 33. Qf3 exf4 34.
Rcd1 Qxe4 35. Rxd3 Raxa4 36. Qxe4 Rxe4 37. Rdf3 f6 38. Rb3 Re7 39. Rb5 Kg7 40.
Rc5 Kh6 41. Kh2 f5 42. Rc3 Kh5 0-1

[Event "Thüringer Einzelmeisterschaft"]
[Site "Finsterbergen"]
[Date "2005.03.25"]
[Round "5"]
[White "Zschiedrich, Heiko"]
[Black "Koksch, Robert"]
[Result "1-0"]
[WhiteElo "2231"]
[BlackElo "2099"]
[PlyCount "35"]
[EventDate "2005.??.??"]
[EventRounds "9"]
[EventCountry "GER"]

1. e4 c6 2. d4 d5 3. Nc3 dxe4 4. Nxe4 Nd7 5. Ng5 Ngf6 6. Bd3 e6 7. N1f3 Bd6 8.
Qe2 h6 9. Ne4 Nxe4 10. Bxe4 Nf6 11. Bd3 c5 12. dxc5 Qa5+ 13. c3 Qxc5 14. Be3
Qc7 15. Bb5+ Bd7 16. Rd1 Bxb5 17. Qxb5+ Ke7 18. Rxd6 1-0

[Event "Thüringer Einzelmeisterschaft"]
[Site "Finsterbergen"]
[Date "2005.03.25"]
[Round "5"]
[White "Rohmeiss, Roberto"]
[Black "Missbach, Bernd"]
[Result "1-0"]
[WhiteElo "2088"]
[BlackElo "2190"]
[PlyCount "95"]
[EventDate "2005.??.??"]
[EventRounds "9"]
[EventCountry "GER"]

1. d4 g6 2. c4 Bg7 3. Nc3 c5 4. e3 cxd4 5. exd4 Nf6 6. Nf3 O-O 7. Be2 d5 8. c5
Ne4 9. O-O Nxc3 10. bxc3 Nc6 11. Bf4 f6 12. c4 g5 13. Be3 Be6 14. Qc2 h6 15.
Rfd1 Qd7 16. cxd5 Bxd5 17. Bc4 e6 18. Rab1 Rf7 19. h4 Ne7 20. hxg5 hxg5 21. Nd2
Nf5 22. Ne4 g4 23. Bxd5 exd5 24. Ng3 Nxg3 25. fxg3 Re8 26. Bf2 Re4 27. Re1 f5
28. Rxe4 fxe4 29. Qd2 Qe6 30. Qg5 Rf5 31. Qd8+ Rf8 32. Qg5 Qd7 33. Be3 Rf5 34.
Rxb7 Rf1+ 35. Kxf1 Qxb7 36. Qxg4 Qb1+ 37. Kf2 Qxa2+ 38. Kg1 Qa1+ 39. Kh2 Qa6
40. Qg5 Qc6 41. Bf4 Kf7 42. Qf5+ Kg8 43. Bd6 Bxd4 44. Qe6+ Kh7 45. g4 Bg7 46.
g5 d4 47. g6+ Kh8 48. Qh3+ 1-0

[Event "Thüringer Einzelmeisterschaft"]
[Site "Finsterbergen"]
[Date "2005.03.25"]
[Round "5"]
[White "Vogel, Alfred"]
[Black "Kirchhübel, Steffen"]
[Result "1/2-1/2"]
[WhiteElo "2049"]
[BlackElo "1847"]
[PlyCount "108"]
[EventDate "2005.??.??"]
[EventRounds "9"]
[EventCountry "GER"]

1. e4 c5 2. Nc3 d6 3. g3 Nc6 4. Bg2 Nf6 5. d3 e6 6. h3 Be7 7. Be3 a6 8. f4 Qc7
9. Qd2 Bd7 10. Nce2 Rb8 11. Nf3 b5 12. O-O O-O 13. g4 d5 14. e5 Ne8 15. c3 b4
16. d4 Na5 17. Bf2 Nc4 18. Qc1 bxc3 19. b3 Nd2 20. Nxd2 cxd2 21. Qxd2 cxd4 22.
Rfc1 Qb7 23. Nxd4 Bb4 24. Qd3 Nc7 25. a3 Be7 26. a4 Rfc8 27. f5 Bf8 28. Qf3 a5
29. h4 Na6 30. f6 Rxc1+ 31. Rxc1 Bc5 32. Rxc5 Nxc5 33. Qe3 Qc8 34. fxg7 Ne4 35.
Bxe4 dxe4 36. Qxe4 Qc1+ 37. Kh2 Bc8 38. Qe1 Qf4+ 39. Kh3 Bb7 40. Qe3 Qxe3+ 41.
Bxe3 Bd5 42. Bd2 Bxb3 43. Nc6 Re8 44. Bh6 Bxa4 45. Nxa5 Rb8 46. Nc4 Rb3+ 47.
Kh2 Bc6 48. h5 Rb4 49. Nd6 Rxg4 50. Nc8 Rxg7 51. Ne7+ Kh8 52. Bxg7+ Kxg7 53.
Nxc6 f6 54. exf6+ Kxf6 1/2-1/2

[Event "Thüringer Einzelmeisterschaft"]
[Site "Finsterbergen"]
[Date "2005.03.25"]
[Round "5"]
[White "Hannes, Diana"]
[Black "Manger, Erika"]
[Result "1-0"]
[WhiteElo "1928"]
[BlackElo "1479"]
[PlyCount "83"]
[EventDate "2005.??.??"]
[EventRounds "9"]
[EventCountry "GER"]

1. e4 c6 2. d4 d5 3. exd5 cxd5 4. c4 dxc4 5. Bxc4 e6 6. Nf3 Bb4+ 7. Nc3 Nf6 8.
O-O O-O 9. Bf4 Nc6 10. a3 Bd6 11. Ne5 Bxe5 12. dxe5 Qxd1 13. Raxd1 Nh5 14. g3
Nxf4 15. gxf4 b6 16. Ne4 Bb7 17. Nd6 Na5 18. Ba2 Bf3 19. Rc1 Nb7 20. Nxb7 Bxb7
21. Rc7 Ba6 22. Rd1 Be2 23. Rdd7 Bh5 24. f5 exf5 25. e6 Rfd8 26. exf7+ Kf8 27.
Rxa7 f4 28. Kg2 Bg4 29. Rxa8 Rxa8 30. Rb7 Rd8 31. Rxb6 Bf5 32. Rb4 g5 33. Rb5
Be4+ 34. Kh3 h6 35. Kg4 Bg6 36. h4 gxh4 37. Kxh4 Bxf7 38. Rf5 Rd7 39. Rxf4 Kg7
40. Rxf7+ Rxf7 41. Bxf7 Kxf7 42. a4 1-0

[Event "Thüringer Einzelmeisterschaft"]
[Site "Finsterbergen"]
[Date "2005.03.25"]
[Round "5"]
[White "Tischer, Jana"]
[Black "Stridde, Peter"]
[Result "0-1"]
[WhiteElo "1867"]
[BlackElo "2085"]
[PlyCount "126"]
[EventDate "2005.??.??"]
[EventRounds "9"]
[EventCountry "GER"]

1. e4 Nc6 2. Nf3 f5 3. e5 d6 4. exd6 exd6 5. Bb5 Bd7 6. O-O Qf6 7. Nc3 Nge7 8.
d3 h6 9. a4 g5 10. Bxc6 bxc6 11. Bd2 Bg7 12. Ne2 O-O 13. Bc3 Qf7 14. Bxg7 Qxg7
15. Re1 Ng6 16. c3 Rab8 17. Qc2 g4 18. Nfd4 f4 19. Qd2 c5 20. Nb5 f3 21. Ng3
Nf4 22. Nxc7 fxg2 23. Ne4 d5 24. Nxc5 Nh3+ 25. Kxg2 Rxf2+ 26. Qxf2 Nxf2 27.
Kxf2 g3+ 28. hxg3 Rxb2+ 29. Re2 Rxe2+ 30. Kxe2 Bg4+ 31. Ke3 Qxc7 32. Kd4 Qxg3
33. Kxd5 Bf3+ 34. Ne4 Qg5+ 35. Kd4 Qd8+ 36. Ke3 Bxe4 37. Kxe4 Qe7+ 38. Kd4 Qd6+
39. Kc4 Qa6+ 40. Kd4 Qb6+ 41. Kc4 Qe6+ 42. Kd4 Qf6+ 43. Kc4 Qf7+ 44. Kd4 a5 45.
Kc5 Qc7+ 46. Kd4 h5 47. Rh1 Qd6+ 48. Ke3 Qe5+ 49. Kf2 Qf4+ 50. Ke2 Qxa4 51. Kd2
Qf4+ 52. Kc2 h4 53. Kb3 Kf7 54. c4 Qd4 55. Ka4 Qb6 56. Ka3 Qb4+ 57. Ka2 Qd2+
58. Ka1 a4 59. Rxh4 Qe1+ 60. Ka2 Qxh4 61. Ka3 Qd4 62. Kxa4 Qxd3 63. Kb4 Ke7 0-1

[Event "Thüringer Einzelmeisterschaft"]
[Site "Finsterbergen"]
[Date "2005.03.25"]
[Round "5"]
[White "Kirste, Olaf"]
[Black "Hermann, Ingo"]
[Result "1/2-1/2"]
[WhiteElo "2056"]
[BlackElo "2004"]
[PlyCount "100"]
[EventDate "2005.??.??"]
[EventRounds "9"]
[EventCountry "GER"]

1. c4 d6 2. d4 e5 3. dxe5 dxe5 4. Qxd8+ Kxd8 5. Nf3 f6 6. Nc3 Be6 7. e3 Nd7 8.
b3 Nh6 9. Be2 Nf7 10. Bb2 c6 11. O-O-O Kc7 12. Rd2 Rd8 13. Rhd1 Be7 14. Ne1 Nc5
15. Nc2 Bf5 16. Ba3 Rxd2 17. Rxd2 Re8 18. Bb2 Ne4 19. Nxe4 Bxe4 20. f3 Bf5 21.
Bd3 Bxd3 22. Rxd3 Rd8 23. Kd2 Ng5 24. Rxd8 Kxd8 25. Kd3 Ne6 26. b4 Kd7 27. Bc3
g6 28. Bd2 Bd6 29. c5 Bf8 30. e4 b6 31. cxb6 axb6 32. Kc4 b5+ 33. Kb3 Be7 34.
g4 Bd8 35. Be3 Bc7 36. a4 bxa4+ 37. Kxa4 Kc8 38. Na3 Kd7 39. Kb3 Bd6 40. Kc4
Be7 41. Nb1 Nc7 42. Nc3 Bd6 43. h3 Ke6 44. Bb6 Ne8 45. b5 cxb5+ 46. Kxb5 f5 47.
Nd5 fxe4 48. fxe4 Nf6 49. Nxf6 Kxf6 50. Bd8+ Ke6 1/2-1/2

[Event "Thüringer Einzelmeisterschaft"]
[Site "Finsterbergen"]
[Date "2005.03.25"]
[Round "5"]
[White "Koksch, Florian"]
[Black "Grüner, Nico"]
[Result "1-0"]
[WhiteElo "1910"]
[BlackElo "1481"]
[PlyCount "95"]
[EventDate "2005.??.??"]
[EventRounds "9"]
[EventCountry "GER"]

1. e4 c5 2. Nf3 Nc6 3. d4 cxd4 4. Nxd4 g6 5. Nc3 Bg7 6. Be3 Nf6 7. Be2 O-O 8.
O-O d5 9. exd5 Nxd5 10. Nxd5 Nxd4 11. Bxd4 Qxd5 12. Bxg7 Qxd1 13. Raxd1 Kxg7
14. f4 Be6 15. Bf3 Rac8 16. c3 Rc7 17. Rf2 Rb8 18. a3 a5 19. Bd5 Bf5 20. Rd4
Rd8 21. Rfd2 b6 22. Bf3 Rcd7 23. Rxd7 Rxd7 24. Rxd7 Bxd7 25. Kf2 Kf6 26. Ke3
Ke6 27. Bg4+ f5 28. Bf3 Kd6 29. Kd4 h6 30. h4 g5 31. fxg5 hxg5 32. h5 e5+ 33.
Ke3 Ke7 34. b4 axb4 35. axb4 g4 36. Bd5 Kf6 37. c4 Kg5 38. Bf7 f4+ 39. Kf2 e4
40. b5 g3+ 41. Ke2 Bg4+ 42. Kf1 e3 43. Bd5 e2+ 44. Ke1 f3 45. gxf3 g2 46. f4+
Kxf4 47. Bxg2 Bxh5 48. c5 1-0

[Event "Thüringer Einzelmeisterschaft"]
[Site "Finsterbergen"]
[Date "2005.03.26"]
[Round "6"]
[White "Kirschbaum, Gunnar"]
[Black "Rohmeiss, Roberto"]
[Result "1/2-1/2"]
[WhiteElo "2215"]
[BlackElo "2088"]
[PlyCount "31"]
[EventDate "2005.??.??"]
[EventRounds "9"]
[EventCountry "GER"]

1. d4 Nf6 2. c4 e6 3. Nc3 d5 4. Bg5 Be7 5. Nf3 c6 6. cxd5 exd5 7. Qc2 O-O 8. e3
Nbd7 9. Bd3 Re8 10. O-O h6 11. Bh4 Ne4 12. Bxe7 Qxe7 13. Bxe4 dxe4 14. Nd2 f5
15. f3 exf3 16. Rxf3 1/2-1/2

[Event "Thüringer Einzelmeisterschaft"]
[Site "Finsterbergen"]
[Date "2005.03.26"]
[Round "6"]
[White "Paehtz, Thomas Jr"]
[Black "Wehner, Jannis"]
[Result "1/2-1/2"]
[WhiteElo "2259"]
[BlackElo "2212"]
[PlyCount "85"]
[EventDate "2005.??.??"]
[EventRounds "9"]
[EventCountry "GER"]

1. e4 c5 2. Nf3 Nc6 3. d4 cxd4 4. Nxd4 Nf6 5. Nc3 e5 6. Ndb5 d6 7. Bg5 a6 8.
Na3 b5 9. Nd5 Be7 10. Bxf6 Bxf6 11. c3 Bg5 12. Nc2 O-O 13. a4 bxa4 14. Rxa4 a5
15. Bc4 Rb8 16. Ra2 Kh8 17. O-O g6 18. Kh1 f5 19. exf5 Bxf5 20. Nce3 Bd7 21. b3
Bh6 22. Be2 Be6 23. Bg4 Bg8 24. Bf3 Rf7 25. Ra4 Ne7 26. b4 axb4 27. cxb4 Nf5
28. Nc4 Nd4 29. Be4 Rf8 30. Qd3 Ra8 31. Ra5 Rb8 32. Kg1 Bxd5 33. Rxd5 Rxb4 34.
Nxe5 Bg7 35. Nc4 Ne6 36. Nxd6 Qe7 37. g3 Nc7 38. Rc5 Rd4 39. Rxc7 Qxc7 40. Nb5
Rxd3 41. Nxc7 Rd6 42. Nd5 Bd4 43. Kg2 1/2-1/2

[Event "Thüringer Einzelmeisterschaft"]
[Site "Finsterbergen"]
[Date "2005.03.26"]
[Round "6"]
[White "Taudte, Stefan"]
[Black "Aepfler, Christian"]
[Result "0-1"]
[WhiteElo "2093"]
[BlackElo "2262"]
[PlyCount "110"]
[EventDate "2005.??.??"]
[EventRounds "9"]
[EventCountry "GER"]

1. d4 d5 2. c4 dxc4 3. Nf3 Nf6 4. Nc3 c5 5. e4 cxd4 6. Qxd4 Qa5 7. Qxc4 Nc6 8.
Bd2 Be6 9. Qb5 O-O-O 10. Qxa5 Nxa5 11. Rc1 Nc6 12. Nb5 Nxe4 13. Nxa7+ Kb8 14.
Nxc6+ bxc6 15. Bf4+ Kb7 16. Ne5 Bd5 17. Bc4 g5 18. Be3 Nd6 19. Bxd5 cxd5 20.
Bc5 Bg7 21. Bxd6 Rxd6 22. Nxf7 Re6+ 23. Kd1 Rf8 24. Nxg5 Rg6 25. Nf3 Rxg2 26.
Ke2 e5 27. Rhg1 e4 28. Rxg2 exf3+ 29. Kf1 fxg2+ 30. Kxg2 Ra8 31. a3 Ra6 32. Rd1
Kc6 33. Rd2 d4 34. f4 Kd5 35. Kf3 Rh6 36. Kg4 Rb6 37. f5 Bh6 38. Rf2 Be3 39.
Rf3 Ke5 40. b4 Kf6 41. Rh3 h6 42. Rf3 Ra6 43. Rf1 Rxa3 44. Rb1 Ra6 45. b5 Rb6
46. Rb3 Ke5 47. h4 Ke4 48. f6 Rxf6 49. b6 Rf8 50. b7 Rb8 51. Rb6 Kd5 52. Kf3
Kc5 53. Rb2 Kc6 54. Rc2+ Kxb7 55. Ke4 Rc8 0-1

[Event "Thüringer Einzelmeisterschaft"]
[Site "Finsterbergen"]
[Date "2005.03.26"]
[Round "6"]
[White "Buring, Matthias"]
[Black "Wegerich, Michael"]
[Result "1/2-1/2"]
[WhiteElo "2154"]
[BlackElo "2135"]
[PlyCount "93"]
[EventDate "2005.??.??"]
[EventRounds "9"]
[EventCountry "GER"]

1. d4 c5 2. d5 Nf6 3. c4 Ne4 4. Nd2 Qa5 5. Qc2 Nd6 6. e4 g6 7. b3 Bg7 8. Bb2
Bxb2 9. Qxb2 O-O 10. Bd3 a6 11. Ne2 Ne8 12. h4 Ng7 13. g4 d6 14. Rg1 e5 15.
dxe6 fxe6 16. f4 Nc6 17. O-O-O b5 18. h5 e5 19. hxg6 hxg6 20. f5 Bd7 21. Nf3
Rab8 22. Nc3 Nd4 23. Nxd4 cxd4 24. Nd5 Kf7 25. Rh1 Rh8 26. fxg6+ Kxg6 27. Qf2
Qd8 28. g5 Qxg5+ 29. Kc2 Rbf8 30. Ne7+ Qxe7 31. Rdg1+ Qg5 32. Rxg5+ Kxg5 33.
Qg3+ Bg4 34. Rxh8 Rxh8 35. Be2 Rh4 36. c5 Nh5 37. Qg1 dxc5 38. a4 Nf4 39. Bd1
c4 40. bxc4 bxc4 41. Kb2 Nd3+ 42. Ka3 a5 43. Qf1 Be6 44. Qf8 Rxe4 45. Qg7+ Kf5
46. Qh7+ Kf4 47. Qh2+ 1/2-1/2

[Event "Thüringer Einzelmeisterschaft"]
[Site "Finsterbergen"]
[Date "2005.03.26"]
[Round "6"]
[White "Missbach, Bernd"]
[Black "Huster, Mike"]
[Result "1/2-1/2"]
[WhiteElo "2190"]
[BlackElo "2074"]
[PlyCount "102"]
[EventDate "2005.??.??"]
[EventRounds "9"]
[EventCountry "GER"]

1. Nf3 Nf6 2. c4 g6 3. Nc3 Bg7 4. e4 d6 5. d4 O-O 6. h3 e5 7. dxe5 dxe5 8. Bg5
Qxd1+ 9. Rxd1 Nbd7 10. Bd3 c6 11. Bc2 Re8 12. Rd6 Bf8 13. Rd2 Bg7 14. O-O Nf8
15. Rfd1 Ne6 16. Be3 Nh5 17. Kh2 Nf8 18. Rd8 Be6 19. Rxa8 Rxa8 20. b3 h6 21. a4
a5 22. g3 Nd7 23. Ne1 f5 24. Nd3 f4 25. Bc5 g5 26. g4 Nhf6 27. f3 Kf7 28. Ba3
h5 29. Kg2 hxg4 30. hxg4 Bf8 31. Bb2 Bg7 32. Rd2 Rh8 33. Nf2 Ng8 34. Nd5 Ne7
35. Ba3 Ng6 36. Rd3 Nh4+ 37. Kf1 Bf8 38. Bxf8 Rxf8 39. Nc7 Rc8 40. Nxe6 Kxe6
41. Nh3 Rg8 42. Bd1 Nc5 43. Rd2 Ke7 44. Kf2 Ne6 45. Be2 Nd4 46. Rb2 c5 47. Bd1
Kf6 48. Rd2 Rh8 49. Ng1 Ng6 50. Kg2 Rh7 51. Rd3 Nh4+ 1/2-1/2

[Event "Thüringer Einzelmeisterschaft"]
[Site "Finsterbergen"]
[Date "2005.03.26"]
[Round "6"]
[White "Kirchhübel, Steffen"]
[Black "Schmidt, Matthias"]
[Result "0-1"]
[WhiteElo "1847"]
[BlackElo "2090"]
[PlyCount "58"]
[EventDate "2005.??.??"]
[EventRounds "9"]
[EventCountry "GER"]

1. b4 d5 2. Bb2 Nd7 3. Nf3 Ngf6 4. e3 e6 5. a3 Bd6 6. c4 c6 7. Be2 O-O 8. c5
Bc7 9. d4 Qe7 10. Qc2 e5 11. dxe5 Nxe5 12. Nbd2 Bg4 13. h3 Bh5 14. Bd4 Bg6 15.
Qb2 Nfd7 16. Qc3 f6 17. O-O Nxf3+ 18. Bxf3 Ne5 19. Be2 f5 20. a4 Rae8 21. Nf3
f4 22. Ne1 f3 23. gxf3 Qg5+ 24. Kh1 Qh4 25. f4 Qxh3+ 26. Kg1 Be4 27. f3 Qg3+
28. Ng2 Ng4 29. Rfe1 Qh2+ 0-1

[Event "Thüringer Einzelmeisterschaft"]
[Site "Finsterbergen"]
[Date "2005.03.26"]
[Round "6"]
[White "Stridde, Peter"]
[Black "Hannes, Diana"]
[Result "0-1"]
[WhiteElo "2085"]
[BlackElo "1928"]
[PlyCount "124"]
[EventDate "2005.??.??"]
[EventRounds "9"]
[EventCountry "GER"]

1. Nc3 c5 2. Nf3 Nc6 3. d4 cxd4 4. Nxd4 g6 5. Bg5 Bg7 6. Ndb5 Nf6 7. Nd5 Qa5+
8. Bd2 Qa4 9. Nxf6+ Bxf6 10. Nc7+ Kd8 11. Nxa8 Bxb2 12. c3 Qa3 13. Rb1 Bxc3 14.
Rb3 Bxd2+ 15. Qxd2 Qc5 16. Qc3 Qxc3+ 17. Rxc3 b6 18. e3 Bb7 19. Nxb6 axb6 20.
Bc4 Ne5 21. f3 e6 22. Kf2 Ke7 23. Bb3 Bc6 24. Rd1 f5 25. h3 g5 26. Rd4 Rg8 27.
Bd1 h5 28. Rb4 b5 29. a4 bxa4 30. Bxa4 Bd5 31. Bb3 Bc6 32. Ba4 Ba8 33. Rd4 g4
34. hxg4 fxg4 35. f4 g3+ 36. Kg1 Nc6 37. Bxc6 Bxc6 38. e4 Rg4 39. e5 h4 40.
Rdc4 Bd5 41. Rd4 Kf7 42. Rc8 Bc6 43. Rb4 Kg7 44. Rd4 Kf7 45. Rh8 Kg7 46. Rc8
Kf7 47. Rc4 Ke7 48. Rb4 Kf7 49. Rbb8 Ke7 50. Rh8 Kf7 51. Rbf8+ Kg6 52. Rfg8+
Kf5 53. Rh5+ Kxf4 54. Rf8+ Ke4 55. Rf1 Ke3 56. Rh8 Kd4 57. Re1 Rf4 58. Rb8 Kc3
59. Rbb1 Rf2 60. Rbc1+ Kd4 61. Rcd1+ Kc5 62. Rc1+ Kb6 0-1

[Event "Thüringer Einzelmeisterschaft"]
[Site "Finsterbergen"]
[Date "2005.03.26"]
[Round "6"]
[White "Von Otte, Wilhelm"]
[Black "Vogel, Alfred"]
[Result "0-1"]
[WhiteElo "1977"]
[BlackElo "2049"]
[PlyCount "68"]
[EventDate "2005.??.??"]
[EventRounds "9"]
[EventCountry "GER"]

1. e4 e6 2. d4 d5 3. Nc3 Nf6 4. exd5 exd5 5. Bd3 c6 6. Nge2 Bd6 7. Bg5 Be6 8.
Qd2 Nbd7 9. f4 h6 10. f5 Bxf5 11. Bxf5 hxg5 12. Qxg5 Bf8 13. O-O-O Qc7 14. Qe3+
Kd8 15. Kb1 b5 16. Nf4 g6 17. Bxd7 Kxd7 18. h4 Re8 19. Qh3+ Kd8 20. Rhf1 Bg7
21. Nd3 Re7 22. Nc5 g5 23. Qf5 Rxh4 24. Qxg5 Rg4 25. Qd2 Qh2 26. Nxb5 cxb5 27.
Qa5+ Qc7 28. Qxb5 Qb6 29. Qd3 Ne4 30. Nxe4 Rgxe4 31. c3 Bh6 32. Rf5 Qe6 33. g4
Re1 34. Kc2 Qe2+ 0-1

[Event "Thüringer Einzelmeisterschaft"]
[Site "Finsterbergen"]
[Date "2005.03.26"]
[Round "6"]
[White "Koksch, Florian"]
[Black "Kirste, Olaf"]
[Result "0-1"]
[WhiteElo "1910"]
[BlackElo "2056"]
[PlyCount "78"]
[EventDate "2005.??.??"]
[EventRounds "9"]
[EventCountry "GER"]

1. e4 c5 2. Nf3 d6 3. d4 cxd4 4. Nxd4 Nf6 5. Nc3 a6 6. Be2 e6 7. Be3 Be7 8. O-O
O-O 9. Nb3 Qc7 10. f4 Nbd7 11. Qe1 b5 12. a3 Bb7 13. Bf3 Rac8 14. Qg3 Rfd8 15.
f5 e5 16. Bh6 Bf8 17. Rad1 Kh8 18. Be3 Nb6 19. Kh1 Ba8 20. Bxb6 Qxb6 21. Qf2
Qc7 22. Rd2 Qb8 23. g4 b4 24. axb4 Qxb4 25. Qe2 Be7 26. g5 Nd7 27. g6 fxg6 28.
fxg6 Bg5 29. Rdd1 Nf6 30. gxh7 Bf4 31. Rg1 Rc7 32. Rg2 g5 33. Rdg1 Rg7 34. Qxa6
g4 35. Qa5 Qxa5 36. Nxa5 Rxh7 37. Bxg4 Nxg4 38. Nd5 Bxd5 39. exd5 Nxh2 0-1

[Event "Thüringer Einzelmeisterschaft"]
[Site "Finsterbergen"]
[Date "2005.03.26"]
[Round "6"]
[White "Hermann, Ingo"]
[Black "Manger, Erika"]
[Result "1-0"]
[WhiteElo "2004"]
[BlackElo "1479"]
[PlyCount "41"]
[EventDate "2005.??.??"]
[EventRounds "9"]
[EventCountry "GER"]

1. e4 c6 2. d4 d5 3. Nc3 Nf6 4. e5 Ne4 5. Nxe4 dxe4 6. Be3 Bf5 7. Ne2 e6 8. Ng3
Bg6 9. Be2 Be7 10. O-O O-O 11. f3 exf3 12. Bxf3 f6 13. exf6 Bxf6 14. c3 Nd7 15.
Qb3 Nb6 16. Qxe6+ Bf7 17. Qg4 Nc4 18. Bc1 Re8 19. Nh5 Be6 20. Qg3 Bh4 21. Qxg7#
1-0

[Event "Thüringer Einzelmeisterschaft"]
[Site "Finsterbergen"]
[Date "2005.03.26"]
[Round "6"]
[White "Grüner, Nico"]
[Black "Tischer, Jana"]
[Result "1/2-1/2"]
[WhiteElo "1481"]
[BlackElo "1867"]
[PlyCount "82"]
[EventDate "2005.??.??"]
[EventRounds "9"]
[EventCountry "GER"]

1. e4 c5 2. Nf3 Nc6 3. d4 cxd4 4. Nxd4 Nf6 5. Nc3 e5 6. Ndb5 d6 7. Bg5 a6 8.
Na3 b5 9. Nd5 Be7 10. Nxe7 Nxe7 11. Bd3 O-O 12. O-O Be6 13. f4 b4 14. Bxf6 bxa3
15. f5 gxf6 16. Qg4+ Ng6 17. fxe6 Qb6+ 18. Kh1 axb2 19. Rab1 fxe6 20. Qxe6+ Kg7
21. Bc4 Qc7 22. Bb3 Rae8 23. Qg4 a5 24. a4 Rb8 25. Rxb2 Rb4 26. Rbb1 Qb7 27.
Rbe1 Qc8 28. Qg3 Qc6 29. Bd5 Qxa4 30. Ra1 Qb5 31. h4 Kh8 32. h5 Nf4 33. h6 Nh5
34. Qg4 Qxd5 35. Qxh5 Qxe4 36. Rxa5 Rg8 37. Qf3 Qh4+ 38. Kg1 Qd4+ 39. Kh1 Qh4+
40. Kg1 Qd4+ 41. Kh1 Qh4+ 1/2-1/2

[Event "Thüringer Einzelmeisterschaft"]
[Site "Finsterbergen"]
[Date "2005.03.27"]
[Round "7"]
[White "Paehtz, Thomas Jr"]
[Black "Kirschbaum, Gunnar"]
[Result "1-0"]
[WhiteElo "2259"]
[BlackElo "2215"]
[PlyCount "43"]
[EventDate "2005.??.??"]
[EventRounds "9"]
[EventCountry "GER"]

1. e4 d6 2. d4 Nf6 3. Nc3 g6 4. f4 Bg7 5. Nf3 c5 6. Bb5+ Bd7 7. e5 Ng4 8. e6
fxe6 9. Ng5 Bxb5 10. Nxb5 Qa5+ 11. c3 Qxb5 12. Qxg4 cxd4 13. Nxe6 Qc4 14. Nxg7+
Kf7 15. f5 Kxg7 16. Be3 Nc6 17. O-O-O Qxa2 18. Bxd4+ Nxd4 19. Qxd4+ Kg8 20.
Rde1 Qf7 21. fxg6 hxg6 22. Rhf1 1-0

[Event "Thüringer Einzelmeisterschaft"]
[Site "Finsterbergen"]
[Date "2005.03.27"]
[Round "7"]
[White "Rohmeiss, Roberto"]
[Black "Zschiedrich, Heiko"]
[Result "1-0"]
[WhiteElo "2088"]
[BlackElo "2231"]
[PlyCount "80"]
[EventDate "2005.??.??"]
[EventRounds "9"]
[EventCountry "GER"]

1. d4 d6 2. Nf3 Nf6 3. c4 g6 4. Nc3 Bg7 5. Bf4 O-O 6. h3 Nbd7 7. e3 Re8 8. Be2
b6 9. O-O Bb7 10. Qc2 e5 11. dxe5 dxe5 12. Bh2 Qe7 13. Rfd1 c6 14. Rab1 Red8
15. b4 Ne8 16. Na4 Rab8 17. c5 Nc7 18. Nd2 b5 19. Nc3 a5 20. a3 a4 21. Nde4 Nf6
22. Nd6 Nfd5 23. Nxd5 Nxd5 24. Rxd5 cxd5 25. Bxb5 Rxd6 26. cxd6 Qxd6 27. Qxa4
Qb6 28. Bf1 Ra8 29. Qb3 Qa7 30. Ra1 e4 31. Ra2 Rc8 32. a4 Rc3 33. Qd1 d4 34.
exd4 Bxd4 35. Rd2 Bf6 36. Rd8+ Kg7 37. Qd6 Bxd8 38. Be5+ f6 39. Bxc3 Qb6 40.
Bxf6+ Kf7 1-0

[Event "Thüringer Einzelmeisterschaft"]
[Site "Finsterbergen"]
[Date "2005.03.27"]
[Round "7"]
[White "Wehner, Jannis"]
[Black "Wegerich, Michael"]
[Result "1-0"]
[WhiteElo "2212"]
[BlackElo "2135"]
[PlyCount "103"]
[EventDate "2005.??.??"]
[EventRounds "9"]
[EventCountry "GER"]

1. e4 c5 2. Nf3 d6 3. d4 cxd4 4. Nxd4 Nf6 5. Nc3 a6 6. Be2 Nbd7 7. O-O e6 8.
Be3 Be7 9. a4 Qc7 10. a5 O-O 11. f3 b6 12. axb6 Nxb6 13. Bf2 Bb7 14. Nb3 Nc4
15. Na4 Nd7 16. Qd4 d5 17. Bxc4 dxc4 18. Nbc5 Nxc5 19. Nxc5 Bxc5 20. Qxc5 Qxc5
21. Bxc5 Rfc8 22. Bb4 Bc6 23. Rfd1 Bb5 24. Rd6 Rd8 25. Rad1 Rxd6 26. Rxd6 Ba4
27. c3 h6 28. Kf2 Bb5 29. Ke3 e5 30. g3 Re8 31. f4 f5 32. exf5 exf4+ 33. Kxf4
Re2 34. Bc5 Rxb2 35. Bd4 Re2 36. Rg6 Re7 37. f6 Be8 38. Rxh6 gxh6 39. fxe7 Kf7
40. Bc5 Ke6 41. Ke4 Bc6+ 42. Kd4 Bb5 43. Bb4 a5 44. Ba3 a4 45. Kc5 Be8 46. Kxc4
Kf5 47. Kd5 Kf6 48. c4 Kf7 49. Kd6 h5 50. c5 Bb5 51. c6 Ke8 52. Kc7 1-0

[Event "Thüringer Einzelmeisterschaft"]
[Site "Finsterbergen"]
[Date "2005.03.27"]
[Round "7"]
[White "Schmidt, Matthias"]
[Black "Buring, Matthias"]
[Result "1/2-1/2"]
[WhiteElo "2090"]
[BlackElo "2154"]
[PlyCount "38"]
[EventDate "2005.??.??"]
[EventRounds "9"]
[EventCountry "GER"]

1. e4 e5 2. Nc3 Bc5 3. Bc4 d6 4. d3 h6 5. Na4 Bb6 6. Nxb6 axb6 7. h3 Nf6 8. Nf3
O-O 9. O-O Nc6 10. a3 Be6 11. Bxe6 fxe6 12. Be3 d5 13. exd5 exd5 14. Nh2 d4 15.
Bd2 Nd5 16. Qh5 Qe8 17. Qh4 Qg6 18. Rae1 Rae8 19. Qg4 Qxg4 1/2-1/2

[Event "Thüringer Einzelmeisterschaft"]
[Site "Finsterbergen"]
[Date "2005.03.27"]
[Round "7"]
[White "Hannes, Diana"]
[Black "Taudte, Stefan"]
[Result "1-0"]
[WhiteElo "1928"]
[BlackElo "2093"]
[PlyCount "75"]
[EventDate "2005.??.??"]
[EventRounds "9"]
[EventCountry "GER"]

1. e4 d5 2. exd5 Nf6 3. c4 c6 4. d4 cxd5 5. Nc3 Nc6 6. Nf3 Bg4 7. cxd5 Nxd5 8.
Be2 e6 9. O-O Bd6 10. Nxd5 exd5 11. h3 Bh5 12. Be3 O-O 13. Rc1 Re8 14. Nd2 Bxe2
15. Qxe2 Nxd4 16. Qd3 Nc6 17. Nf3 Qa5 18. Qb3 Rab8 19. Rfd1 Ne7 20. Rd4 b5 21.
Rg4 Rbd8 22. Bg5 f6 23. Bxf6 g6 24. Bxe7 Bxe7 25. Rd4 Bf6 26. Rxd5 Rxd5 27.
Qxd5+ Kg7 28. Rc5 a6 29. g3 Re7 30. Rc8 Rf7 31. Kg2 Rf8 32. Qd7+ Rf7 33. Qe8
Qxa2 34. Qg8+ Kh6 35. Rf8 Qxb2 36. Rxf7 Bg7 37. g4 g5 38. h4 1-0

[Event "Thüringer Einzelmeisterschaft"]
[Site "Finsterbergen"]
[Date "2005.03.27"]
[Round "7"]
[White "Koksch, Robert"]
[Black "Missbach, Bernd"]
[Result "0-1"]
[WhiteElo "2099"]
[BlackElo "2190"]
[PlyCount "42"]
[EventDate "2005.??.??"]
[EventRounds "9"]
[EventCountry "GER"]

1. d4 g6 2. c4 Bg7 3. Nc3 c5 4. d5 d6 5. e4 Na6 6. Bd3 Bd7 7. f4 Rb8 8. Nf3 Nc7
9. O-O b5 10. Qe2 bxc4 11. Bxc4 Nh6 12. Rb1 Bxc3 13. e5 Nf5 14. bxc3 Rxb1 15.
g4 O-O 16. gxf5 Bxf5 17. Nh4 Bh3 18. Re1 e6 19. exd6 Nxd5 20. Bxd5 exd5 21. Qd3
Qxh4 0-1